| 000 | 00414cam a22001331 4500 | ||
|---|---|---|---|
| 082 |
_a355.0095491 _bKHA _cL-28, P-44 |
||
| 100 | 1 |
_aKhan, Fazal Muqeem. _948597 |
|
| 245 | 1 | 4 | _aThe story of the Pakistan Army |
| 260 |
_aKarachi, _bPakistan Branch, Oxford University Press, _c1963. |
||
| 300 |
_ax, 250 p. _billus. _c23 cm. |
||
| 500 | _aIncludes index. | ||
| 526 |
_a0 _b0 _c0 _d355_009549100000000_KHA |
||
| 942 |
_2ddc _cBK |
||
| 999 |
_c551471 _d551471 |
||